Cette année-là: 1844 - Statistiques

Statistiques générales
  • Ce quiz a été pris 13 fois
  • Le résultat moyen est 3 sur 10
Statistiques - réponses
Indice Réponse % Correct
27 février: la partie orientale de l'île d'Hispaniola se déclare indépendante d'Haïti pour former ce nouvel Etat République Dominicaine
92%
3 mai: Instaurant d'un permis pour ce sport, mais attention les lévriers sont interdits ! Chasse
46%
30 mai: Abd el Kader convainc le sultan de ce pays de mener la guerre contre la France Maroc
38%
14 septembre: Le Brésil reconnaît l'indépendance de cet Etat Paraguay
38%
28 mars: Cet équivalent de la Gendarmerie est créé en Espagne Garde civile
31%
6 août: Cette ville du pays allié d'Abdelkader est bombardée par le prince de Joinville Tanger
23%
14 mars: Ce critique littéraire de renom est élu à l'Académie française Charles-Augustin Sainte-Beuve
8%
3 juin: A la mort de mon oncle, je deviens le candidat légitimiste au trône de mes aïeux sous ce nom: Henri V
0%
15 août: Le navire de guerre néerlandais Palembang accoste dans ce port nippon Nagasaki
0%
28 avril: Intervention française dans cette archipel proche du Japon Ryukyu
0%
Aucun quiz correspondant
Distribution des résultats
% des personnes avec chaque résultat
Percentile par nombre de réponses
Votre historique - résultats
Vous n’avez pas pris ce quiz